Born in Zagreb - Statistics

General Stats
  • This quiz has been taken 26 times
    2 since last reset
  • The average score is 9 of 17
Answer Stats
Hint Answer % Correct
Footballer who plays for TSG 1899 Hoffenheim and the Croatian national team 1991 Andrej Kramaric
100%
Prime minister of Croatia since 2016 1970 Andrej Plenkovic
100%
Footballer who plays for Crystal Palace and the Croatian national team 1998 Borna Sosa
100%
Footballer who plays for Manchester City and the Croatian national team 2002 Josko Gvardiol
100%
Discus thrower and two-time Olympic champion 1990 Sandra Elkasevic
100%
President of Croatia since 2020 1966 Zoran Milanovic
100%
Footballer who plays for Union Berlin and the Croatian national team 1995 Josip Juranovic
50%
Footballer who plays for Al-Nassr in Saudi Arabia and the Croatian national team (former Inter Milan player) 1992 Marcelo Brozovic
50%
Former footballer who played for Hamburg, Fiorentina, Genoa and the Croatian national team 1989 Milan Badelj
50%
Widely considered the greatest Croatian writer of the 20th century, "The Return of Philip Latinowicz" "On the Edge of Reason" 1893 Miroslav Krleza
50%
Former Croatian international football player, (Tottenham Hotspurs, Portsmouth and Queens Park Rangers) 1984 Niko Kranjcar
50%
former Yugoslavia international player (Partizan Belgrade) and football coach (Bayern Munich, Hamburger SV, Dinamo Zagreb) 1929 Branko Zebec
0%
Footballer who plays for Wolfsburg and the Croatian national team 1998 Lovro Majer
0%
Actor, known for his role as Marseille from "Money Heist" 1976 Luka Peros
0%
Handball player who plays for Leipzig and the Croatian national team 1994 Marko Mamic
0%
"Father of the encyclopedia" 1534 Paul Skalic
0%
Former Croatian international football player (VfB Stuttgart, Croatia Zagreb) and football coach (Köln, Dinamo Zagreb) 1967 Zvonimir Soldo
0%
No matching quizzes found
Score Distribution
Percent of People with Each Score
Percentile by Number Answered
Your Score History
You have not taken this quiz since the last reset